Historical figures by dates #1 - Statistics

General Stats
  • This quiz has been taken 53 times
  • The average score is 12 of 30
Answer Stats
Hint Nationality Answer % Correct
20 Apr 1889 - 30 Apr 1945 Germany Adolf Hitler
77%
21 Apr 1926 - 8 Sep 2022 United Kingdom Queen Elizabeth II
72%
15 Jan 1929 - 4 Apr 1968 United States Martin Luther King, Jr.
67%
c.570 - 8 Jun 632 Mecca Muhammad
65%
20 Jul 356BC - 10 Jun 323BC Macedon Alexander the Great
60%
23 Sep 63BC - 19 Aug 14 Rome Augustus
60%
2 Apr 747 - 28 Jan 814 France Charlemagne
60%
26 Dec 1893 - 9 Sep 1976 China Mao Zedong
58%
13 Apr 1743 - 4 Jul 1826 United States Thomas Jefferson
56%
30 Oct 1735 - 4 Jul 1826 United States John Adams
51%
8 Jan 1935 - 16 Aug 1977 United States Elvis Presley
47%
22 Nov 1890 - 9 Nov 1970 France Charles de Gaulle
44%
23 Oct 1940 - 29 Dec 2022 Brazil Pelé
44%
28 Jun 1491 - 28 Jan 1547 England King Henry VIII
40%
10 Mar 1957 - 2 May 2011 Saudi Arabia Osama bin Laden
40%
1451 - 20 May 1506 Genoa Christopher Columbus
37%
18 May 1868 - 17 Jul 1918 Russia Tsar Nicholas II
37%
c.23 Apr 1564 - 23 Apr 1616 England William Shakespeare
35%
1 Mar 1922 - 4 Nov 1995 Israel Yitzhak Rabin
30%
15 Jan 1918 - 28 Sep 1970 Egypt Gamal Abdel Nasser
28%
27 Nov 1942 - 18 Sep 1970 United States Jimi Hendrix
28%
17 Dec 1770 - 26 Mar 1827 Elect. of Cologne Ludwig van Beethoven
26%
29 Aug 1958 - 25 Jun 2009 United States Michael Jackson
23%
18 May 1920 - 2 Apr 2005 Poland Pope John Paul II
23%
14 Jun 1928 - 9 Oct 1967 Argentina Che Guevara
21%
25 Oct 1881 - 8 Apr 1973 Spain Pablo Picasso
21%
21 Feb 1875 - 4 Aug 1997 France Jeanne Calment
19%
12 Feb 1809 - 19 Apr 1882 United Kingdom Charles Darwin
16%
5 May 1818 - 14 Mar 1883 Germany Karl Marx
12%
5 Aug 1930 - 25 Aug 2012 United States Neil Armstrong
12%
No matching quizzes found
Score Distribution
Percent of People with Each Score
Percentile by Number Answered
Your Score History
You have not taken this quiz